00733nam a2200157 i 450000100060000000300090000600500170001500700030003200800410003510000390007624502280011526000420034385200250038599900170041095201480042774000ES-MaACL20230906172002.0t|040914s1902 sp ||||1| spa d1 aGonzález Calzada, Manuel.95848413aLa ciencia química guarda el secreto de la vida y es el fundamento de la Psicología y de la Patología b: discurso inaugural de la Universidad de Salamnca leído el 1 de octubre de 1903 / cManuel González Calzada. aMadrid : b[s.n.], c1902 (fColón) aES-MaACLjT-1021-F-4 c74000d74000 001040708Colección_de_folletosaATENEOMbATENEOMcDEPOFd2008-01-17eSCl0oT-1021-F-4p1077457r2023-02-23 00:00:00w2023-02-23yFOLLETOS